000 01222cam a2200313 a 4500
999 _c13048
_d13048
001 16693739
003 MAJU-Karachi
005 20210519104912.0
008 110316s2013 caua b 001 0 eng
010 _a 2011925356
020 _a0840058209
040 _aDLC
_cDLC
_dDLC
042 _apcc
050 0 0 _aQP141
_b.M34 2013
100 1 _aMcGuire, Michelle.
245 1 0 _aNutritional sciences :
_bfrom fundamentals to food /
_cMichelle McGuire, Kathy A. Beerman.
250 _a3rd ed.
260 _aBelmont, CA :
_bWadsworth, Cengage Learning,
_cc2013.
300 _a1 v. (various pagings) :
_bcol. ill. ;
_c29 cm.
504 _aIncludes bibliographical references and index.
650 0 _aNutrition
_vTextbooks.
700 1 _aBeerman, Kathy A.
856 4 2 _3Publisher description
_uhttp://www.loc.gov/catdir/enhancements/fy1212/2011925356-d.html
856 4 1 _3Table of contents only
_uhttp://www.loc.gov/catdir/enhancements/fy1212/2011925356-t.html
856 4 2 _3Contributor biographical information
_uhttp://www.loc.gov/catdir/enhancements/fy1303/2011925356-b.html
906 _a7
_bcbc
_corignew
_d3
_eepcn
_f20
_gy-gencatlg
942 _2ddc
_cBIOSCIENCE